| 000 | 01187nam a22003617a 4500 | ||
|---|---|---|---|
| 003 | CHAP | ||
| 005 | 20220817044236.0 | ||
| 008 | 081210s1999 es r 00010 spa d | ||
| 010 | _a95485 | ||
| 011 | _a96457 | ||
| 020 | _a8428911523 | ||
| 035 | _a107110 | ||
| 040 | _cCHAP | ||
| 082 | 0 | 4 |
_a574.5 _bB39y _21999 |
| 100 | 0 | 0 |
_aBegon, Michael. _911281 |
| 245 | 1 | 0 |
_aEcología : _bindividuos, poblaciones y comunidades _c/por Michael Begon, John L. Harper y Colin R. Townsend |
| 250 | _a3 ed. | ||
| 260 |
_aBarcelona : _bOmega, _c1999 |
||
| 300 |
_axii, 1148 p. : _bgráfs., ilus. |
||
| 590 |
_aBATCH-UPD _b10 _c20130110 _lUCH01 _h1159 |
||
| 590 |
_aBATCH-UPD _b10 _c20130410 _lUCH01 _h0742 |
||
| 590 |
_aBATCH-UPD _b10 _c20130914 _lUCH01 _h0629 |
||
| 590 |
_aCONVERSION _b10 _c20130109 _lUCH01 _h1353 |
||
| 650 | 1 | 4 |
_aBiodiversidad. _912724 |
| 650 | 1 | 4 |
_aComunidades vegetales. _926256 |
| 650 | 1 | 4 | _aEcología humana. |
| 650 | 1 | 4 |
_aMedio ambiente _xConservación. _974068 |
| 700 | 0 |
_aHarper, John L. _952812 |
|
| 700 | 0 |
_aTownsend, Colin R. _9114442 |
|
| 901 | _aBK | ||
| 942 | _cLIBRO | ||
| 949 |
_a574.5 B39y 1999 _bBC _cLIBRO _d33724002070173 _eLIBRO _gI.c/e _h110058 _i107110 _so _t$1.849.25 |
||
| 999 |
_c95485 _d95485 |
||